Econometrics informing natural resources management : selected empirical analyses
Αποθηκεύτηκε σε:
| Άλλοι συγγραφείς: | |
|---|---|
| Μορφή: | Βιβλίο |
| Γλώσσα: | English |
| Δημοσίευση: |
Cheltenham, UK; Northampton, MA :
Edward Elgar,
c2004
|
| Σειρά: | New horizons in environmental economics
|
| Θέματα: | |
| Ετικέτες: |
Προσθήκη ετικέτας
Δεν υπάρχουν, Καταχωρήστε ετικέτα πρώτοι!
|
MARC
| LEADER | 00000cam a2200000 i 4500 | ||
|---|---|---|---|
| 001 | 1/52116 | ||
| 008 | 070822s2004 eng d | ||
| 020 | |a 1-84376-922-0 (hbk.) | ||
| 035 | |l 10089911 | ||
| 040 | |a GR-MY-UA |b gre |e aacr | ||
| 041 | 0 | |a eng | |
| 082 | 0 | |a 333.7015195 |2 (22) | |
| 245 | 1 | 0 | |a Econometrics informing natural resources management : |b selected empirical analyses / |c edited by Phoebe Koundouri |
| 260 | |a Cheltenham, UK; Northampton, MA : |b Edward Elgar, |c c2004 | ||
| 300 | |a xiii, 391 σ.; |b διαγρ., πίν.; |c 24 εκ. | ||
| 490 | 1 | |a New horizons in environmental economics | |
| 504 | |a Περιέχει βιβλιογραφικές αναφορές και ευρετήριο | ||
| 650 | 0 | 0 | |a Natural resources |x Management |x Econometric models. |
| 650 | 0 | 0 | |a Environmental economics. |
| 700 | 1 | |a Koundouri, Phoebe |d 1974- |4 edt | |
| 830 | 0 | |a New horizons in environmental economics | |
| 852 | |a INST |b LESVOS |e 20070822 |h 333.7015195 ECO |p 005100039215 |q 005100039215 |t BK |y 0 | ||
| 901 | |a BIBL1-2007-2 | ||
| 909 | |a Λ |b 138060 | ||
| 922 | |a 1ΕΛΗ |b 200707 |c ΕΠΕΑΕΚ2/ΤΠ |d ΕΛΕΥΘΕΡΟΥΔΑΚΗΣ | ||
| 970 | |a ΒΑΡΚΑ |b ΕΛΕΥΘΕΡΙΑ |z 2007/08/22 | ||